Vida religiosa y vida contemplativa /

Na minha lista:
Detalhes bibliográficos
Autor principal: Leclercq, Jean (autor)
Formato: Livro
Idioma:espanhol
Publicado em: Bilbao, España : Mensajero, 1970, c1970
Tags: Adicionar Tag
Sem tags, seja o primeiro a adicionar uma tag!

MARC

LEADER 00000nam^a2200000^a^4500
001 000451809
005 20250521000000.0
009 20260526145440.155
037 |a Acervo Xavier Clavigero 
041 |a ESP 
091 |a FCA. 03914 
100 |a Leclercq, Jean  |e (autor) 
245 1 0 |a Vida religiosa y vida contemplativa / 
264 4 |a Bilbao, España :  |b Mensajero,  |c 1970, c1970 
300 |a 251 p. 
336 |a texto  |b txt  |2 rdacontenido 
337 |a sin mediación  |b n  |2 rdamedio 
338 |a volumen  |b nc  |2 rdasoporte 
649 |a XX 
910 |a Fondo Xavier Cacho Vázquez S.J. 
920 |a Impresos - Libros 
930 |a Fondos Especiales 
905 |a 131 
901 |a 0500379794  |b IT2  |c ESP  |i D  |u 20250521 
902 |a https://opac.biblio.iteso.mx/vufind/Record/000451809